Andy Warhol's Soup Varieties Quiz Stats

 Plays Quiz Updated Mar 6, 2020

Support Sporcle.
Go Orange.
Score 0/32 Timer 06:00
0 Plays Today
% Correct
Tomato
85.4%
Cream of Mushroom
85.3%
Cream of Chicken
84.4%
Chicken Noodle
84.1%
Vegetable
80.9%
Cream of Celery
80%
Chicken Vegetable
79.8%
Vegetable Beef
78.2%
Chicken with Rice
77.8%
Cream of Vegetable
76.4%
Split Pea with Ham
76%
Cream of Asparagus
75.7%
Minestrone (Italian-Style Vegetable Soup)
75.5%
Beef with Vegetables and Barley
74%
Beef Noodle
73.3%
Clam Chowder (Manhattan Style)
73%
% Correct
Green Pea
72.8%
Beef Broth (Bouillon)
70.6%
Onion
70.4%
Old-Fashioned Tomato Rice
66.5%
Vegetable Bean
65.1%
Consommé (Beef)
63.7%
Bean with Bacon
62.2%
Turkey Vegetable
62%
Turkey Broth
60.4%
Vegetarian Vegetable
56.8%
Chicken Gumbo
56.7%
Scotch Broth (A Hearty Soup)
56.7%
Black Bean
55.1%
Cheddar Cheese
52.7%
Chili Beef
47.4%
Pepper Pot
40.3%

You're not logged in!

Compare scores with friends on all Sporcle quizzes.
OR
Log In

From the Vault

Star Wars Death Row

by THEJMAN

Why couldn't it have been Jar-Jar?
Remove Ads.
Support Sporcle.
Get the best of Sporcle when you Go Orange. This ad-free experience offers more features, more stats, and more fun while also helping to support Sporcle. Thank you for becoming a member.

Show Comments

Extras

Top Quizzes Today


Score Distribution

Your Account Isn't Verified!

In order to create a playlist on Sporcle, you need to verify the email address you used during registration. Go to your Sporcle Settings to finish the process.

Report this User

Report this user for behavior that violates our Community Guidelines.

Details: